<?xml version="1.0" encoding="UTF-8"?>
<record
    xmlns:xsi="http://www.w3.org/2001/XMLSchema-instance"
    xsi:schemaLocation="http://www.loc.gov/MARC21/slim http://www.loc.gov/standards/marcxml/schema/MARC21slim.xsd"
    xmlns="http://www.loc.gov/MARC21/slim">

  <leader>00605nab a2200181 uc4500</leader>
  <controlfield tag="001">548710</controlfield>
  <controlfield tag="005">20240419085738.0</controlfield>
  <controlfield tag="008">990920e19961201                    spa  </controlfield>
  <datafield tag="035" ind1=" " ind2=" ">
    <subfield code="a">548710</subfield>
  </datafield>
  <datafield tag="035" ind1=" " ind2=" ">
    <subfield code="a">(OCoLC)819811133</subfield>
  </datafield>
  <datafield tag="040" ind1=" " ind2=" ">
    <subfield code="c">comduadb</subfield>
  </datafield>
  <datafield tag="041" ind1=" " ind2=" ">
    <subfield code="a">spa</subfield>
  </datafield>
  <datafield tag="100" ind1="1" ind2="0">
    <subfield code="a">Denis, Gillrs</subfield>
    <subfield code="4">aut</subfield>
    <subfield code="e">aut</subfield>
    <subfield code="9">331207</subfield>
  </datafield>
  <datafield tag="245" ind1="1" ind2="0">
    <subfield code="a">Galileo y las enfermedades de las plantas</subfield>
  </datafield>
  <datafield tag="600" ind1="1" ind2="4">
    <subfield code="a">Galilei, Galileo,</subfield>
    <subfield code="d">1564-1642</subfield>
    <subfield code="9">855306</subfield>
  </datafield>
  <datafield tag="773" ind1="0" ind2=" ">
    <subfield code="t">Historia y Sociedad (Medell&#xED;n)</subfield>
    <subfield code="g">N&#xFA;mero 03, Diciembre 1996, Historia y Sociedad (Medellin) - No. 03, Dic. 1996, p. 7-15</subfield>
    <subfield code="w">1191880</subfield>
    <subfield code="x">0121-8417</subfield>
    <subfield code="0">541904</subfield>
  </datafield>
  <datafield tag="942" ind1=" " ind2=" ">
    <subfield code="c">ARIMP</subfield>
  </datafield>
  <datafield tag="999" ind1=" " ind2=" ">
    <subfield code="c">130364</subfield>
    <subfield code="d">130364</subfield>
  </datafield>
</record>
